[Event "Titled Tue 20th May Late"]
[Site "chess.com INT"]
[Date "2025.05.20"]
[Round "3"]
[White "Goldin, Roman"]
[Black "Arabidze, Meri"]
[Result "0-1"]
[WhiteTitle "FM"]
[BlackTitle "IM"]
[WhiteElo "2296"]
[BlackElo "2440"]
[WhiteFideId "2803860"]
[BlackFideId "13604040"]
[EventDate "2025.05.20"]

1. e4 c5 2. Nf3 e6 3. c3 Nf6 4. e5 Nd5 5. g3 Nc6 6. Bg2 d6 7. exd6 Bxd6 8. O-O
O-O 9. Re1 b6 10. Na3 Bb7 11. Nc4 Be7 12. a4 Rc8 13. d3 Qc7 14. h4 Rfd8 15. Qe2
Bf6 16. Bg5 h6 17. Bxf6 Nxf6 18. a5 b5 19. a6 Ba8 20. Nce5 Nxe5 21. Nxe5 Bxg2
22. Kxg2 Rd5 23. f4 h5 24. Qf3 Rcd8 25. Re2 g6 26. Rae1 Kg7 27. Kh3 Nd7 28. c4
Nxe5 29. fxe5 Rxd3 30. Qf6+ Kg8 31. Re4 b4 32. Rf4 R3d4 33. Ref1 Rxf4 34. Rxf4
Rd7 35. Qg5 Qd8 36. Qh6 Rd4 37. Rf6 Qe8 38. Qe3 Rxc4 39. Qf3 Rd4 40. Qb7 Rd7 41.
Qc6 Qe7 42. Qc8+ Kg7 43. Qc6 Rd5 44. Qc8 Rxe5 0-1

[Event "Titled Tue 20th May Late"]
[Site "chess.com INT"]
[Date "2025.05.20"]
[Round "3"]
[White "Coe, William"]
[Black "Nalbandyan, Vahan"]
[Result "1-0"]
[BlackTitle "CM"]
[WhiteElo "2078"]
[BlackElo "2155"]
[WhiteFideId "30913624"]
[BlackFideId "13309439"]
[EventDate "2025.05.20"]

1. e4 e5 2. Nf3 Nc6 3. Bb5 Nf6 4. O-O Nxe4 5. Re1 Nd6 6. Nxe5 Be7 7. Nxc6 dxc6
8. Bf1 Nf5 9. c3 c5 10. Na3 O-O 11. Nc2 Bf6 12. d3 Bd7 13. Ne3 Re8 14. Nxf5 Bxf5
15. Rxe8+ Qxe8 16. Be3 Qc6 17. Qd2 Rd8 18. Rd1 h6 19. d4 cxd4 20. cxd4 Be4 21.
b3 Qd6 22. Bf4 Qxd4 23. Qxd4 Bxd4 24. Be3 Bf6 25. Rxd8+ Bxd8 26. Bxa7 b6 27. a4
Kf8 28. Bc4 Ke7 29. a5 bxa5 30. Bc5+ Kf6 31. f3 Bc2 32. Kf2 a4 33. bxa4 Bxa4 34.
Bd4+ Kg6 35. Bd3+ f5 36. g4 Bh4+ 37. Ke3 Bd7 38. Be5 Bg5+ 39. f4 Bd8 40. h4 Kf7
41. g5 c6 42. Bc4+ Be6 43. Bd3 hxg5 44. hxg5 Bb6+ 45. Kd2 g6 46. Kc3 Bd5 47. Be2
Ke6 48. Ba6 c5 49. Bc8+ Ke7 50. Ba6 Ba5+ 51. Kd3 Ke6 52. Bc8+ Ke7 53. Ba6 Bb4
54. Bf6+ Ke6 55. Be5 Kf7 56. Bc8 c4+ 57. Kd4 Be6 58. Ba6 1-0

[Event "Titled Tue 20th May Late"]
[Site "chess.com INT"]
[Date "2025.05.20"]
[Round "3"]
[White "Chakrasali, Samarth"]
[Black "Wuebker, Paul-Luca"]
[Result "0-1"]
[BlackTitle "CM"]
[WhiteElo "2025"]
[BlackElo "2244"]
[WhiteFideId "2077310"]
[BlackFideId "12939528"]
[EventDate "2025.05.20"]

1. d4 Nc6 2. d5 Ne5 3. e4 e6 4. Nc3 exd5 5. exd5 Bb4 6. Qd4 Qe7 7. Be3 Nf6 8.
O-O-O O-O 9. h3 Re8 10. Nge2 c5 11. Qf4 d6 12. g4 Ng6 13. Qg3 b5 14. Bg2 Bxc3
15. Nxc3 b4 16. Ne2 Bb7 17. Rhe1 Qd7 18. Nf4 Qa4 19. Kb1 c4 20. g5 Ne4 21. Bxe4
Rxe4 22. h4 b3 23. cxb3 cxb3 24. a3 Rae8 25. Nxg6 hxg6 26. Qxd6 Ba6 27. Qc5 Bc4
28. d6 Rd8 29. f3 Re6 30. Bf4 Rxe1 31. Rxe1 Be6 32. Rd1 Qxf4 33. Qc7 Rd7 34.
Qc8+ Kh7 35. Qc6 Qxf3 36. Rc1 Bf5+ 37. Ka1 Qxc6 38. Rxc6 Be6 39. Ra6 Bc4 40. Rc6
Bb5 41. Rc5 a6 42. Rc3 Rxd6 43. Kb1 Bd3+ 44. Kc1 Bc2 45. Rc4 Rd1# 0-1

[Event "Titled Tue 20th May Late"]
[Site "chess.com INT"]
[Date "2025.05.20"]
[Round "3"]
[White "Karthikeyan, Murali"]
[Black "Carlsen, Magnus"]
[Result "0-1"]
[WhiteTitle "GM"]
[BlackTitle "GM"]
[WhiteElo "2658"]
[BlackElo "2837"]
[WhiteFideId "5074452"]
[BlackFideId "1503014"]
[EventDate "2025.05.20"]

1. e4 e6 2. d3 d5 3. Nd2 Nf6 4. g3 dxe4 5. dxe4 e5 6. Ngf3 Bc5 7. Bg2 Qe7 8. O-O
O-O 9. c3 a5 10. Nc4 Nbd7 11. Qc2 b6 12. Ne3 Rd8 13. Nf5 Qe8 14. Bg5 Bb7 15.
Rfe1 h6 16. Bh4 Bf8 17. Rad1 g6 18. Rxd7 Nxd7 19. Bxd8 Rxd8 20. Ne3 Nc5 21. Nd5
Nxe4 22. c4 f5 23. Rxe4 Rxd5 24. cxd5 fxe4 25. Qxe4 Bd6 26. Nh4 Kg7 27. Bf1 Qf7
28. Bg2 Qf6 29. a4 Bc8 30. Bf1 g5 31. Ng2 Bf5 32. Qc4 e4 33. Ne3 Bg6 34. b3 Bc5
35. Bg2 Qa1+ 36. Bf1 Qd4 37. Qxd4+ Bxd4 38. Bc4 Bxe3 39. fxe3 Kf6 40. Kf2 Ke5
41. Ke1 Bf5 42. Kd2 Bc8 43. Kc3 Bb7 44. b4 Bxd5 45. Be2 axb4+ 46. Kxb4 Kd6 47.
Kb5 Be6 48. Kb4 Bd7 49. a5 c5+ 0-1

[Event "Titled Tue 20th May Late"]
[Site "chess.com INT"]
[Date "2025.05.20"]
[Round "3"]
[White "Ismagilov, Damir"]
[Black "Hernandez Bermudez, Ulises Eduardo"]
[Result "1-0"]
[WhiteTitle "CM"]
[WhiteElo "2173"]
[BlackElo "2042"]
[WhiteFideId "34199982"]
[BlackFideId "3902510"]
[EventDate "2025.05.20"]

1. d4 Nf6 2. c4 g6 3. Nc3 Bg7 4. e4 d6 5. Be2 O-O 6. Nf3 e5 7. O-O Nc6 8. d5 Ne7
9. Ne1 Ne8 10. Nd3 f5 11. f3 f4 12. b4 a5 13. bxa5 Rxa5 14. a4 h5 15. Ba3 b6 16.
Bb4 Ra8 17. Nb5 g5 18. Nf2 Ng6 19. a5 bxa5 20. Bxa5 Bd7 21. Qd2 Rf7 22. Rfc1 Rb8
23. Nxc7 Nxc7 24. c5 Bb5 25. Bxb5 Rxb5 26. cxd6 Qxd6 27. Rc6 Qd8 28. Rxg6 Qb8
29. d6 Rb1+ 30. Rxb1 Qxb1+ 31. Qd1 Qxd1+ 32. Nxd1 Nb5 33. Nc3 Kh7 34. Rxg7+ Kxg7
35. Nxb5 Kf6 36. Bd8+ Ke6 37. Bc7 Rf8 38. h3 Ra8 39. Nc3 Ra1+ 40. Kh2 g4 41.
hxg4 hxg4 42. fxg4 Re1 43. Nd5 Rxe4 44. Nb6 f3 45. gxf3 Re2+ 46. Kg3 e4 47. d7 1-0

[Event "Titled Tue 20th May Late"]
[Site "chess.com INT"]
[Date "2025.05.20"]
[Round "3"]
[White "Atis, Hasan"]
[Black "Eames, Robert S"]
[Result "1-0"]
[WhiteTitle "CM"]
[BlackTitle "FM"]
[WhiteElo "2089"]
[BlackElo "2136"]
[WhiteFideId "44598017"]
[BlackFideId "408743"]
[EventDate "2025.05.20"]

1. e4 c5 2. Nf3 Nc6 3. d4 cxd4 4. Nxd4 Nf6 5. Nc3 h5 6. Nf5 d5 7. exd5 Bxf5 8.
dxc6 Qxd1+ 9. Nxd1 bxc6 10. Ne3 Bd7 11. Ba6 Rb8 12. b3 g6 13. Bb2 Bg7 14. O-O-O
Be6 15. Rhe1 O-O 16. Be5 Rb6 17. Bc4 Bxc4 18. Nxc4 Rb5 19. Bd4 Nd5 20. Ne5 Bxe5
21. Rxe5 Rb7 22. Bc5 Re8 23. c4 Nf4 24. g3 Ne6 25. Ba3 Rc7 26. f4 c5 27. Rdd5
Rec8 28. f5 gxf5 29. Rxf5 Ng7 30. Rg5 f6 31. Rxh5 Nxh5 32. Rxh5 Kf7 33. Kc2 e5
34. g4 Ke6 35. Bc1 Rg8 36. h3 Rgg7 37. Be3 Rh7 38. Bh6 e4 39. Kd2 Rh8 40. Ke3
Rch7 41. Kxe4 Rxh6 42. Rxc5 Rxh3 43. Ra5 Kf7 44. Kf5 Rf3+ 45. Ke4 Rf1 46. Rxa7+
Kg6 47. Ra5 Re8+ 48. Kd4 Rg1 49. c5 Rxg4+ 50. Kd5 Rg5+ 51. Kd6 Re2 52. b4 Rc2
53. a3 1-0

[Event "Titled Tue 20th May Late"]
[Site "chess.com INT"]
[Date "2025.05.20"]
[Round "3"]
[White "Mekhitarian, Krikor Sevag"]
[Black "Sindarov, Javokhir"]
[Result "1-0"]
[WhiteTitle "GM"]
[BlackTitle "GM"]
[WhiteElo "2564"]
[BlackElo "2706"]
[WhiteFideId "2107660"]
[BlackFideId "14205483"]
[EventDate "2025.05.20"]

1. Nf3 Nf6 2. c4 g6 3. Nc3 Bg7 4. e4 c5 5. d4 cxd4 6. Nxd4 d6 7. Be2 Nc6 8. Be3
O-O 9. O-O Bd7 10. Nc2 a5 11. Na3 a4 12. Nab5 Qa5 13. Rc1 Rfc8 14. h3 Nb4 15. a3
Nc6 16. f4 Qd8 17. Kh1 Na5 18. e5 Nh5 19. Bxh5 Nxc4 20. Bg1 gxh5 21. Qxh5 Bxb5
22. Nxb5 dxe5 23. fxe5 Nxe5 24. Rcd1 Qe8 25. Nd4 e6 26. Bh2 Nc4 27. Nf3 Ra5 28.
Qh4 Ne3 29. Ng5 h6 30. Nxf7 Nxf1 31. Rxf1 Rf5 32. Rxf5 exf5 33. Nxh6+ Bxh6 34.
Qxh6 Rc6 35. Qg5+ Qg6 36. Qd8+ Kh7 37. Qd7+ Kg8 38. Qxb7 Qe6 39. Qb8+ Kf7 40.
Bf4 Qe4 41. Kh2 Rc2 42. Qa7+ Kg6 43. Qb6+ Kh5 44. Qh6# 1-0

[Event "Titled Tue 20th May Late"]
[Site "chess.com INT"]
[Date "2025.05.20"]
[Round "3"]
[White "Msellek, Ilyass"]
[Black "Bogaudinov, Rushan"]
[Result "0-1"]
[WhiteTitle "IM"]
[BlackTitle "FM"]
[WhiteElo "2406"]
[BlackElo "1912"]
[WhiteFideId "675938"]
[BlackFideId "4129288"]
[EventDate "2025.05.20"]

1. d4 Nf6 2. Bf4 b6 3. e3 Bb7 4. Nf3 g6 5. c4 Bg7 6. d5 O-O 7. Nc3 c6 8. Be2 d6
9. h3 Na6 10. O-O Nc5 11. dxc6 Bxc6 12. Nd4 Bb7 13. Bh2 Nce4 14. Nxe4 Bxe4 15.
b4 Bb7 16. b5 Nd7 17. a4 Rc8 18. a5 bxa5 19. Qd2 Nb6 20. Qxa5 Nxc4 21. Qxa7 Bd5
22. Rfc1 Ra8 23. Qxa8 Bxa8 24. Rxc4 Bd5 25. Rca4 Bxd4 26. Rxd4 Bb7 27. h4 h5 28.
g4 hxg4 29. Rxg4 Kg7 30. h5 Rh8 31. hxg6 f5 32. Rg5 Kf6 33. Rg3 Rh6 34. Ra7 Bd5
35. g7 Rg6 36. Bh5 Rxg3+ 37. Bxg3 Kxg7 38. Bh4 Kh6 39. Be2 Qg8+ 40. Bg3 Qe6 41.
Ra4 Qf6 42. Bf4+ Kg6 43. b6 Qh4 44. f3 Bc6 45. Rb4 Qe1+ 46. Bf1 Qxb4 47. b7 Qxb7
48. Kf2 0-1

[Event "Titled Tue 20th May Late"]
[Site "chess.com INT"]
[Date "2025.05.20"]
[Round "3"]
[White "Petriashvili, Nikoloz"]
[Black "Carnicelli, Valerio"]
[Result "1-0"]
[WhiteTitle "IM"]
[BlackTitle "FM"]
[WhiteElo "2468"]
[BlackElo "2396"]
[WhiteFideId "13611216"]
[BlackFideId "856185"]
[EventDate "2025.05.20"]

1. Na3 e6 2. d4 Bxa3 3. bxa3 d5 4. Nf3 Nf6 5. Bf4 O-O 6. e3 b6 7. Bd3 c5 8. c3
Ba6 9. O-O Bxd3 10. Qxd3 Nc6 11. Bg5 h6 12. Bh4 Re8 13. Rad1 e5 14. dxe5 Nxe5
15. Nxe5 Rxe5 16. c4 d4 17. exd4 Qxd4 18. Qxd4 cxd4 19. Rxd4 g5 20. Bg3 Ra5 21.
Re1 Rxa3 22. Rd6 Nh5 23. Be5 Re8 24. Rxh6 Ng7 25. h4 gxh4 26. Kh2 Rxa2 27. Rxh4
f6 28. Bc3 Rxe1 29. Bxe1 Re2 30. Bc3 Rxf2 31. Rd4 Rf5 32. Rd8+ Kh7 33. Rd7 a5
34. Rb7 Rc5 35. Bxf6 Kg6 36. Bxg7 Rxc4 37. Bf8 Rc6 38. Kh3 Kf5 39. g4+ Ke4 40.
Kh4 a4 41. g5 Kf5 42. Kh5 Rc1 43. Rf7+ Ke6 44. Rf2 b5 45. g6 Rh1+ 46. Kg5 Rg1+
47. Kh6 Rg4 48. g7 Rh4+ 49. Kg5 Rh1 50. g8=Q+ 1-0

[Event "Titled Tue 20th May Late"]
[Site "chess.com INT"]
[Date "2025.05.20"]
[Round "3"]
[White "Hoffman, Alejandro"]
[Black "Duarte Cramer, Lily Jeanette"]
[Result "1-0"]
[WhiteTitle "GM"]
[BlackTitle "WCM"]
[WhiteElo "2354"]
[BlackElo "1828"]
[WhiteFideId "100340"]
[BlackFideId "29620180"]
[EventDate "2025.05.20"]

1. d4 d5 2. c4 c6 3. Nf3 Nf6 4. Qc2 g6 5. Bg5 Bg7 6. cxd5 cxd5 7. e3 Nc6 8. Nc3
O-O 9. Be2 Rb8 10. O-O Bf5 11. Qa4 Ne4 12. Rfc1 Qd7 13. Bf4 Rbc8 14. Bb5 a6 15.
Bxc6 Qxc6 16. Qd1 Nxc3 17. Rxc3 Qd7 18. Qb3 Rxc3 19. bxc3 Rc8 20. h3 Bd3 21. Be5
Bc4 22. Qb2 f6 23. Bg3 Qc6 24. a4 b5 25. axb5 Bxb5 26. Ra3 Qc4 27. Nd2 Qd3 28.
c4 dxc4 29. Rxd3 cxd3 30. Qb4 Rc1+ 31. Kh2 Bf8 32. d5 Rc2 33. Ne4 Rc4 34. Nxf6+
exf6 35. Qa5 Rc8 36. e4 Bc5 37. e5 fxe5 38. Bxe5 Bxf2 39. Qd2 Bc5 40. d6 Rd8 41.
Qf4 Rd7 42. Qe4 d2 43. Qd5+ Kf8 44. Qxd2 Kf7 45. Qd5+ Ke8 46. Qxc5 Kd8 47. Bf6+
Ke8 48. Qe5+ Kf8 49. Be7+ Ke8 50. Qf6 Rxd6 51. Qxd6 Bd7 52. Bf6 Kf7 53. Qe7+ Kg8
54. Qg7# 1-0

[Event "Titled Tue 20th May Late"]
[Site "chess.com INT"]
[Date "2025.05.20"]
[Round "3"]
[White "Distaso, Antonio Pio"]
[Black "Iglesias Ferreira, Andres"]
[Result "1-0"]
[BlackTitle "FM"]
[WhiteElo "2253"]
[BlackElo "2279"]
[WhiteFideId "805548"]
[BlackFideId "54507669"]
[EventDate "2025.05.20"]

1. e4 c6 2. d4 d5 3. e5 Bf5 4. Nf3 e6 5. Be2 Nd7 6. O-O c5 7. Be3 Ne7 8. c4 dxc4
9. Nc3 Nc6 10. Bxc4 cxd4 11. Nxd4 Ndxe5 12. Bb5 Rc8 13. Nxf5 exf5 14. Bxa7 Be7
15. Nd5 O-O 16. Bb6 Qd6 17. Rc1 Nd7 18. Nxe7+ Qxe7 19. Re1 Qb4 20. Bxc6 bxc6 21.
Qxd7 Qxb6 22. b3 f4 23. Qf5 Qb4 24. Re4 Qa3 25. Qxf4 Qxa2 26. Qg3 Rfe8 27. Rxe8+
Rxe8 28. h4 g6 29. Rxc6 Qb1+ 30. Kh2 Re1 31. Rc8+ Kg7 32. Qc3+ Kh6 33. Qd2+ Kg7
34. Qd4+ Kh6 35. Qf4+ Kg7 36. Qd4+ Kh6 37. Rc3 Rh1+ 38. Kg3 Qf5 39. Rf3 Qe6 40.
Qf4+ Kg7 41. Qd4+ Kg8 42. Re3 Qc6 43. Qe5 Rg1 44. Qe8+ 1-0

[Event "Titled Tue 20th May Late"]
[Site "chess.com INT"]
[Date "2025.05.20"]
[Round "3"]
[White "Saidov, Bilukhadzh"]
[Black "Tayar, Jonathan"]
[Result "1-0"]
[WhiteTitle "FM"]
[BlackTitle "IM"]
[WhiteElo "2309"]
[BlackElo "2325"]
[WhiteFideId "34165476"]
[BlackFideId "2606534"]
[EventDate "2025.05.20"]

1. d4 Nf6 2. Nf3 g6 3. Nc3 d5 4. Bg5 Bg7 5. Bxf6 Bxf6 6. e4 c6 7. Bd3 Bg7 8. h3
O-O 9. Qe2 e6 10. O-O b6 11. Rad1 a5 12. Rfe1 Ba6 13. Bxa6 Nxa6 14. a3 Qb8 15.
Qd3 Qb7 16. Ne2 c5 17. exd5 Qxd5 18. c4 Qb7 19. d5 exd5 20. cxd5 b5 21. Nc3 c4
22. Qc2 Rfd8 23. d6 Nc5 24. Nd4 Rxd6 25. Ndxb5 Rd3 26. Nd6 Qa6 27. Nde4 Nxe4 28.
Nxe4 Rad8 29. Rc1 Qb5 30. Qxc4 Qxb2 31. Nc5 R3d4 32. Qc2 Qxa3 33. Re2 R4d5 34.
Ne4 Bd4 35. Rce1 Qb4 36. Qa2 a4 37. Kh1 Qb3 38. Qd2 a3 39. Qa2 Qxa2 40. Rxa2 Bb2
41. Rb1 Kg7 42. Kh2 R8d7 43. Raxb2 1-0

[Event "Titled Tue 20th May Late"]
[Site "chess.com INT"]
[Date "2025.05.20"]
[Round "3"]
[White "Dovgaliuk, Oleksandr"]
[Black "Rozman, Levy"]
[Result "0-1"]
[BlackTitle "IM"]
[WhiteElo "2240"]
[BlackElo "2324"]
[WhiteFideId "14167247"]
[BlackFideId "2039877"]
[EventDate "2025.05.20"]

1. e4 c6 2. d4 d5 3. f3 Nf6 4. e5 Nfd7 5. f4 c5 6. Bd3 e6 7. c3 Nc6 8. Nf3 a6 9.
O-O b5 10. Be3 f5 11. exf6 Nxf6 12. Ne5 Bb7 13. f5 exf5 14. Bxf5 Bd6 15. Nxc6
Bxc6 16. dxc5 Be5 17. Bf4 Bxf4 18. Qe2+ Ne4 19. Bxe4 dxe4 20. Rxf4 Qd5 21. Nd2
Qxc5+ 22. Kh1 O-O-O 23. Nb3 Qe5 24. Qg4+ Kb8 25. Nd4 Bb7 26. Re1 Rhe8 27. Qf5
Qc7 28. Re3 g6 29. Qf7 Re7 30. Qf6 b4 31. h3 Rde8 32. Qg5 Re5 33. Qg3 Rd5 34.
Qf2 Qb6 35. Rf6 Qc7 36. Qf4 bxc3 37. Qxc7+ Kxc7 38. bxc3 Rde5 39. Rf7+ R8e7 40.
Rxe7+ Rxe7 41. Kg1 Kd6 42. Kf2 Kd5 43. Ke2 Kc4 44. Kd2 Bd5 45. Ne2 Kc5 46. Kc2
Bxa2 47. Ng3 Bd5 48. Re1 e3 49. Nf1 e2 50. Ng3 Re3 51. Nxe2 Bc4 52. Kd2 Rxe2+
53. Rxe2 Bxe2 0-1

[Event "Titled Tue 20th May Late"]
[Site "chess.com INT"]
[Date "2025.05.20"]
[Round "3"]
[White "Varriale, Luca"]
[Black "Bressy, Theo"]
[Result "1/2-1/2"]
[BlackTitle "FM"]
[WhiteElo "2172"]
[BlackElo "2199"]
[WhiteFideId "882461"]
[BlackFideId "26022842"]
[EventDate "2025.05.20"]

1. Nf3 d5 2. c4 e6 3. e3 Nf6 4. b3 g6 5. Bb2 Bg7 6. Nc3 O-O 7. g3 Ne4 8. Qc2
Nxc3 9. Bxc3 Nc6 10. Bxg7 Kxg7 11. d4 Qf6 12. Bg2 Rd8 13. O-O Nb4 14. Qd2 a5 15.
a3 Nc6 16. Qc3 Ne7 17. Ne5 c6 18. b4 axb4 19. axb4 Rxa1 20. Rxa1 dxc4 21. Qxc4
Nd5 22. b5 cxb5 23. Qxb5 Qe7 24. Ra8 Qc7 25. Qb2 b6 26. h4 Bb7 27. Ra7 Ra8 28.
Qa3 Rxa7 29. Qxa7 b5 30. Nd3 Qc6 31. Nc5 Bc8 32. Qb8 h5 33. Qe5+ f6 34. Bxd5
exd5 35. Qe7+ Kg8 36. Qd8+ Kg7 37. Qa5 Kf7 38. Qa7+ Kf8 39. Qh7 Bf5 40. Qh8+ Ke7
41. Qg7+ Kd8 42. Qf8+ Kc7 43. Qe7+ Kb8 44. Qd8+ Ka7 45. Qa5+ Kb8 46. Na6+ Kb7
47. Nc5+ Kb8 48. Qd8+ Ka7 49. Qa5+ Kb8 1/2-1/2

[Event "Titled Tue 20th May Late"]
[Site "chess.com INT"]
[Date "2025.05.20"]
[Round "3"]
[White "Bukreev, Stanislav"]
[Black "Salinas Herrera, Pablo"]
[Result "1/2-1/2"]
[WhiteTitle "FM"]
[BlackTitle "GM"]
[WhiteElo "2328"]
[BlackElo "2447"]
[WhiteFideId "34252347"]
[BlackFideId "3407128"]
[EventDate "2025.05.20"]

1. d4 d5 2. c4 c6 3. Nf3 Nf6 4. Nc3 e6 5. e3 Nbd7 6. Qc2 Be7 7. b3 b6 8. Bb2 Bb7
9. Bd3 O-O 10. O-O h6 11. Rad1 Qc7 12. Rfe1 Rad8 13. h3 Qb8 14. Qb1 Rfe8 15. Ne2
Bd6 16. Qa1 Ne4 17. Ne5 Nxe5 18. dxe5 Bb4 19. Nc3 Nxc3 20. Bxc3 Bxc3 21. Qxc3
dxc4 22. Bxc4 c5 23. f4 a6 24. Bf1 Rxd1 25. Rxd1 Rd8 26. Rd2 Qc7 27. Kf2 Rd7 28.
Be2 Qd8 29. Rxd7 Qxd7 30. Qc2 g6 31. Qc3 h5 32. Qc2 a5 33. a4 Kg7 34. Qc3 Bc6
35. Qc2 Qd8 36. Kg3 Qa8 37. Bc4 Be4 38. Qb2 Qd8 39. Be2 Qd5 40. Bc4 Qd1 41. Qe2
Qb1 42. Kh2 Qc1 43. Qf2 Qc3 44. Qh4 Qd2 45. Qg5 h4 46. Bxe6 fxe6 47. Qe7+ Kg8
48. Qe8+ Kg7 49. Qe7+ Kg8 50. Qe8+ Kh7 51. Qe7+ Kg8 1/2-1/2

[Event "Titled Tue 20th May Late"]
[Site "chess.com INT"]
[Date "2025.05.20"]
[Round "3"]
[White "Burmakin, Vladimir"]
[Black "Leinov, Roman"]
[Result "1-0"]
[WhiteTitle "GM"]
[BlackTitle "CM"]
[WhiteElo "2435"]
[BlackElo "2120"]
[WhiteFideId "4105109"]
[BlackFideId "13504649"]
[EventDate "2025.05.20"]

1. c4 Nf6 2. g3 c6 3. b3 d5 4. Nf3 Bf5 5. Bb2 e6 6. Bg2 Nbd7 7. d3 Be7 8. Nh4
Bg4 9. h3 Bh5 10. g4 Bg6 11. Nxg6 hxg6 12. Nd2 a5 13. a3 O-O 14. d4 Re8 15. O-O
Bd6 16. e3 Qe7 17. c5 Bc7 18. f4 Nh7 19. g5 b5 20. h4 f5 21. Kf2 Kf7 22. h5 Rh8
23. hxg6+ Kxg6 24. Rh1 Kf7 25. Qh5+ g6 26. Qe2 Rag8 27. Rh6 Nhf8 28. Rah1 Rxh6
29. Rxh6 Rg7 30. Qe1 Kg8 31. Nf3 Rh7 32. Rxh7 Nxh7 33. Bf1 Qg7 34. Bc3 Qe7 35.
Bxa5 Qd8 36. Bxc7 Qxc7 37. Qb4 Qa7 38. a4 bxa4 39. bxa4 Nhf8 40. a5 Kf7 41. a6
Ke7 42. Qa5 Nb8 43. Ne5 Nfd7 44. Nxg6+ Kf7 45. Ne5+ Nxe5 46. fxe5 Ke7 47. Qb6
Qxb6 48. cxb6 1-0

[Event "Titled Tue 20th May Late"]
[Site "chess.com INT"]
[Date "2025.05.20"]
[Round "3"]
[White "Leenhouts, Koen"]
[Black "Paichadze, Luka"]
[Result "1-0"]
[WhiteTitle "GM"]
[BlackTitle "GM"]
[WhiteElo "2476"]
[BlackElo "2529"]
[WhiteFideId "1008439"]
[BlackFideId "13602934"]
[EventDate "2025.05.20"]

1. e4 c6 2. d4 d5 3. e5 Bf5 4. Nc3 e6 5. g4 Bg6 6. Nge2 c5 7. h4 cxd4 8. Nxd4 h5
9. Bb5+ Nd7 10. Bg5 Be7 11. f4 hxg4 12. Qxg4 Bxg5 13. fxg5 Bh5 14. Qg3 a6 15.
Be2 Ne7 16. Bxh5 Rxh5 17. O-O-O g6 18. Rhf1 Qc7 19. Rde1 Qc4 20. Rf4 Qc5 21. Kb1
Nc6 22. Nxc6 bxc6 23. Qg4 Rb8 24. Na4 Qa5 25. Ref1 Nxe5 26. Qe2 Qc7 27. Nc5 Nc4
28. Nxe6 Qe5 29. Qxe5 Nxe5 30. Ng7+ Kd7 31. Nxh5 gxh5 32. Rf5 Kd6 33. Rf6+ Kc5
34. Re1 Nc4 35. b3 Nd6 36. Re7 Rb4 37. Rd7 Nb5 38. Rfxf7 Rxh4 39. Kb2 Rg4 40.
Rf5 Rg2 41. Rf3 Nd4 42. Rc3+ Kb6 43. Rg7 h4 44. g6 a5 45. Rg8 a4 46. g7 a3+ 47.
Kxa3 Nb5+ 48. Kb2 Nxc3 49. Kxc3 Kc7 50. Ra8 Rg3+ 51. Kb2 1-0

[Event "Titled Tue 20th May Late"]
[Site "chess.com INT"]
[Date "2025.05.20"]
[Round "3"]
[White "May Sanchez, Andres Elias"]
[Black "Eminov, Orkhan"]
[Result "0-1"]
[BlackTitle "FM"]
[WhiteElo "2209"]
[BlackElo "2239"]
[WhiteFideId "5150973"]
[BlackFideId "13402153"]
[EventDate "2025.05.20"]

1. Nf3 Nf6 2. g3 g6 3. Bg2 Bg7 4. O-O O-O 5. c4 d6 6. d4 Nc6 7. Nc3 Bf5 8. Nh4
Bd7 9. Re1 e5 10. e3 exd4 11. exd4 Bg4 12. Nf3 Qd7 13. Be3 Rfe8 14. Qb3 Rab8 15.
Rac1 Bxf3 16. Bxf3 Ng4 17. Nd5 Nxd4 18. Bxd4 Bxd4 19. Bxg4 Qxg4 20. Nxc7 Rxe1+
21. Rxe1 Rc8 22. Qxb7 Qd7 23. Qxc8+ Qxc8 24. Re8+ Qxe8 25. Nxe8 Bxb2 26. Nxd6
Kg7 27. Kf1 Kf6 28. Ke2 Ke5 29. Nxf7+ Kd4 30. Ng5 h6 31. Nf7 h5 32. Kd2 Kxc4 33.
Kc2 Bd4 34. f3 a5 35. h3 Bf6 36. Nd6+ Kd5 37. Ne4 Be7 38. Kb3 Kd4 39. g4 h4 40.
g5 Ke3 41. Ka4 Kxf3 42. Nf6 Kg3 43. Kxa5 Kxh3 44. Nd5 Bd8+ 45. Kb4 Kg3 46. Kb5
h3 47. a4 h2 48. Ne3 h1=Q 49. Nd5 Qxd5+ 0-1

[Event "Titled Tue 20th May Late"]
[Site "chess.com INT"]
[Date "2025.05.20"]
[Round "3"]
[White "Galchenko, Matvey"]
[Black "Martinez Ramirez, Lennis"]
[Result "1-0"]
[WhiteTitle "IM"]
[BlackTitle "IM"]
[WhiteElo "2442"]
[BlackElo "2438"]
[WhiteFideId "24175480"]
[BlackFideId "3509079"]
[EventDate "2025.05.20"]

1. e4 c5 2. c3 Nf6 3. e5 Nd5 4. Nf3 d6 5. Bc4 Nb6 6. Bb3 c4 7. Bc2 Nc6 8. exd6
e5 9. O-O Bxd6 10. b3 cxb3 11. axb3 O-O 12. Na3 a6 13. Nc4 Nxc4 14. bxc4 Bg4 15.
h3 Bh5 16. Be4 Rc8 17. d3 f5 18. Bd5+ Kh8 19. Re1 Qc7 20. Qb3 Ne7 21. Qxb7 Nxd5
22. Qxd5 e4 23. Nd4 Rfe8 24. Nxf5 Bh2+ 25. Kh1 Re5 26. Qd6 Rxf5 27. Qxh2 Qxh2+
28. Kxh2 Rxf2 29. dxe4 Rc2 30. Re3 Rc6 31. c5 Kg8 32. Ba3 Rg6 33. Rg1 Be2 34. e5
Bc4 35. Bb4 Bd5 36. Rg3 Re6 37. Re1 h5 38. h4 g6 39. Ba5 Ra2 40. Bc7 Re7 41. Bd6
Re8 42. Rxg6+ Kh7 43. Rg5 Kh6 44. Re3 a5 45. Reg3 a4 46. Rg6+ Kh7 47. Rg7+ Kh8
48. e6 Bxe6 49. Be5 Bg4 50. Bd4 Re4 51. R7xg4+ 1-0

[Event "Titled Tue 20th May Late"]
[Site "chess.com INT"]
[Date "2025.05.20"]
[Round "3"]
[White "Mata Gonzalez, Jose Fernando"]
[Black "Vlassov, Nikolai"]
[Result "0-1"]
[WhiteTitle "CM"]
[BlackTitle "IM"]
[WhiteElo "2164"]
[BlackElo "2291"]
[WhiteFideId "5107423"]
[BlackFideId "4103360"]
[EventDate "2025.05.20"]

1. e4 Nc6 2. Nf3 d5 3. exd5 Qxd5 4. Nc3 Qa5 5. Bc4 Bg4 6. d4 O-O-O 7. Be3 Nxd4
8. Bxd4 e5 9. O-O exd4 10. Ne4 Nf6 11. Nxf6 gxf6 12. Qd3 Qh5 13. h3 Bxf3 14.
Qxf3 Qxf3 15. gxf3 Rg8+ 16. Kh1 c5 17. Bxf7 Rg7 18. Be6+ Kc7 19. Rg1 Kd6 20. Bf5
Re7 21. Rae1 Rde8 22. Re4 Rxe4 23. Bxe4 Re7 24. Rg8 Bh6 25. Rd8+ Kc7 26. Rh8 Bc1
27. b3 h6 28. h4 b5 29. Ra8 Kb6 30. Rb8+ Ka5 31. Ra8 Kb4 32. Rc8 Ba3 33. h5 Kc3
34. Kh2 Kb2 35. Rc6 Kxa2 36. Rxf6 Bc1 37. Ra6+ Kb2 38. Rc6 Re5 39. Bg6 a5 40.
Kg3 Rg5+ 41. Kh3 a4 42. bxa4 bxa4 43. Ra6 a3 44. Bf7 Kxc2 45. f4 Rg7 46. Be6 d3
47. Rc6 d2 48. Rxc5+ Kb2 49. Rb5+ Kc3 50. Rb3+ Kc2 51. Rf3 d1=Q 52. Bb3+ Kd2 53.
Bxd1 Kxd1 54. f5 a2 55. f6 Rf7 56. Kg4 a1=Q 57. Kf5 Qxf6+ 0-1